000 nam a22 7a 4500
999 _c8888
_d8888
008 180120b ||||| |||| 00| 0 eng d
100 _aPal.Y.etal.
_95203
245 _aApc Secondary Biology-X
260 _aNew Delhi
_bArya
_c2009